000 00943nam a2200325 a 4500
003 AR-BaBNM
005 20251128203817.0
008 082120s2002 ||||||||||||||000 | spa||
020 _a950-9095-96-6
040 _cAR-BaBNM
100 1 _aGargiulo, Roberto Carlos
245 0 0 _aDidáctica operatoria de las ciencias sociales
260 _aBuenos Aires
_bBraga
_c1990
300 _a191 p.
_btablas, fot., gráfs.
504 _aContiene bibliografía
650 4 _aENSEÑANZA DE LAS CIENCIAS SOCIALES
650 4 _aMATERIAS DEL CURRICULO
650 4 _aMETODOS DE ENSEÑANZA
650 4 _aPROGRAMAS DE ESTUDIOS
650 4 _aFORMACION DE DOCENTES
650 4 _aLIBROS DE TEXTO
650 4 _aPSICOLOGIA DE LA EDUCACION
650 4 _aENSEÑANZA DE LA HISTORIA
650 4 _aENSEÑANZA DE LA GEOGRAFIA
650 4 _aEDUCACION CIVICA
651 4 _aArgentina
653 _aEXPRESION CORPORAL
942 _cBK
998 _cHector
999 _c5009
_d5009